| 000 | 00524nam a2200193Ia 4500 | ||
|---|---|---|---|
| 003 | LDD | ||
| 008 | 181029s9999 xx 000 0 und d | ||
| 020 |
_a8179101592 _c525.00 |
||
| 040 | _cLDD | ||
| 100 | _aIyer, Iyer | ||
| 245 | 0 |
_aWomen in developing countries _cIyer Iyer |
|
| 260 |
_aJaipur _bAavishkar _c2006 |
||
| 300 | _av, 216p. | ||
| 365 | _b525.00 | ||
| 901 |
_a3864 _b27-02-2007 |
||
| 902 |
_a11582 _b08-03-2007 _cF _dGBH _e64 |
||
| 903 |
_aDiscount-10 _bReqst by : Thomas, |
||
| 942 |
_2ddc _cBK |
||
| 999 |
_c78381 _d78381 |
||